| 000 | 00885 a2200205 4500 | ||
|---|---|---|---|
| 001 | 53221 | ||
| 005 | 20260407155806.0 | ||
| 008 | 260407a1988 arg spa d | ||
| 003 | AR-UNSa-BCEJYS | ||
| 040 |
_aAR-UNSa-BCEJYS _bspa _cAR-UNSa-BCEJYS |
||
| 080 |
_a331.105.44 _xOrganizaciones de empleados. Sindicatos |
||
| 245 | 1 | 0 |
_aPolítica y alineamientos sindicales _pOpiniones del nuevo cuadro gremial |
| 020 | _a950-9889-22-9 | ||
| 264 | 1 |
_aBuenos Aires : _bFundación Friedrich Ebert _c1988 |
|
| 300 |
_a144 p. _c19 cm. |
||
| 505 | _a1. Participación de los sindicatos en política - 2. Autonomía y mediación política - 3 Estrategias de acción del movimiento obrero - 4. Conclusiones - 5. Los alineamientos sindicales en 1869 - 6. Participación en política - 7. Conclusiones | ||
| 942 | _cBK | ||
| 590 | _aniveau_biblio:m niveau_hierar:0 | ||
| 100 | 1 | _aLamadrid, Alejandro F. | |
| 999 |
_c5140 _d5140 |
||